000 00557nam a2200217Ia 4500
003 OSt
005 20220928144822.0
006 a|||||r|||| 00| 0
007 ta
008 220927b |||||||| |||| 00| 0 eng d
024 _a76233
037 _cTextual
040 _aSDCL
_cSDCL
_beng
041 _2eng
_aeng
082 _aX652.1'N9, N6
100 _aCampbell Dennis Ed.
_9509795
245 0 _aGlobalization of capital markets.
260 _c1996
942 _hX652.1'N9, N6
_cTEXL
_2CC
999 _c829787
_d829787